000 00916cam a22003017a 4500
003 CHAP
005 20220329142253.0
008 000413d1997 us a r 00110 eng d
010 _a80840
011 _a81812
020 _a0881923761
035 _a92293
040 _cCHAP
082 0 4 _a584.15
_bM6
100 0 0 _aMotes, Martin R.
_979085
245 1 0 _aVandas their botany, history and culture
_c/by Martin R. Montes
260 _aOregon :
_bTimber Press,
_c1997.
300 _a140 p. :
_bilus.
590 _aBATCH-UPD
_b10
_c20130110
_lUCH01
_h0610
590 _aBATCH-UPD
_b10
_c20130410
_lUCH01
_h0252
590 _aBATCH-UPD
_b10
_c20130914
_lUCH01
_h1832
590 _aCONVERSION
_b10
_c20130109
_lUCH01
_h1345
650 4 _aOrquidáceas.
_983723
901 _aBK
905 _aGuadalupe Pinto C.
942 _cLIBRO
949 _a584.15 M6
_bBC
_cLIBRO
_d33724000757472
_eLIBRO
_gI. 203118
_h97709
_i92293
_si
_t$653.00
999 _c80840
_d80840